000 05601nam a22005177a 4500
005 20120511151410.0
008 101206t xxu||||| |||| 00| 0 hin d
010 _aHIN-93207 B-466928-945
020 _c495.00
_a9789380458304
035 _aHN-65553 B-466928-945
037 _bDBAD/PUB
037 _bएलाइड पब्लिर्शस
040 _aDPL
_bHN
082 _a
100 _924598
_aठाकुर, देवेश
245 _aदेवता के गुनाह /
_cदेवेश ठाकुर
246 _aDevata ke gunah
_bby Davesh Thakur
260 _aनई दिल्ली
_bसामयिक बुक्स
_c2011
270 _bनई दिल्ली
_a3320-21, जटवाड़ा, दरियागंज,एन.एस.मार्ग
_e110002
300 _a320पृ.
_c22सेमी (सजिल्द)
650 _91169
_aहिन्दी कथा साहित्य
650 _929580
_aHindi Novel
700 _924599
700 _924924
942 _2ddc
_cHN
_mठाकुर
_h
999 _c53908
_d53908